| 000 | 00569nam a2200193Ia 4500 | ||
|---|---|---|---|
| 005 | 20230913095015.0 | ||
| 008 | 131103s9999 xx 000 0 und d | ||
| 020 | _a688057187 | ||
| 040 | _aLoreto College | ||
| 041 | _aEnglish | ||
| 082 |
_aF _bLLO |
||
| 100 | _aLloyd,Sarah | ||
| 245 | 3 |
_aAn Indian attachment _b an Englishwomen's unforgettable two - year encounter with Indian Village life among the sikhs _cSarah Lloyd |
|
| 260 |
_aNew York _bQuill/William Morrow _c1984 |
||
| 300 | _a244 p. | ||
| 650 | _aFiction in English | ||
| 850 | _aLCLIB | ||
| 942 | _cBK | ||
| 999 |
_c15730 _d66209 |
||